| 000 | 00883cam a22002412 4500 | ||
|---|---|---|---|
| 001 | 51780 | ||
| 003 | BD-RjUL | ||
| 005 | 20211209075718.0 | ||
| 008 | 160903s19681964ne a b 001 0 eng | ||
| 035 | _a(BD-RjUL) 51900 | ||
| 040 |
_aDLC _cWSU _dSER _dBD-RjUL _beng |
||
| 041 | _aeng | ||
| 082 |
_a658.018 _223 _bTHO 1968 |
||
| 100 | 1 |
_aTheil, Henri _9131764 |
|
| 245 | 1 | 0 |
_aOptimal decision rules for government and industry / _c P. J. M. van den Bogaard ; A. P. Barten ; J. C. G. Boot ; C. van de Panne. |
| 260 |
_aChicago : _bRand McNally, _c1964 [printing1968] |
||
| 300 |
_axvii, 364 p. : _bill. ; _c23 cm. |
||
| 490 | 1 |
_aStudies in mathematical and managerial economics, _vv. 1 |
|
| 504 | _aBibliography: p. 357-360. | ||
| 650 | 0 |
_aDecision making _xMathematical models. _9139454 |
|
| 830 | 0 |
_aStudies in mathematical and managerial economics, _vv. 1 _9116543 |
|
| 942 |
_2ddc _cBK |
||
| 999 |
_c51780 _d51780 |
||